000
00256nam a2200097Ia 4500
001
881322
005
20250826182637.0
008
250824s9999 xx 000 0 und d
245
0
_a
ALLAH DE ÖTESİNİ BIRAK 2/NİYET
_c
UĞUR KOŞAR
260
_b
DESTEK YAYINLARI
999
_c
881322
_d
881322